000 00744nam a2200289Ia 4500
005 20260324111750.0
008 008 260324s9999 xx 000 0 eng d
020 _a9788743801801
037 _aEBOOK
040 _aCRL
040 _beng
040 _cCRL
041 _2eng
041 _aeng
084 _qCRL
100 _aLevis Chiri Kamau; Beth Gichanga; Kevin Maina; Mike Muthomi Gikundi; Lewis Murimi Murithi
_91139927
245 0 _aWearable Technology
245 0 _bIEEE CASS Seasonal School 2024
260 _bTaylor and Francis
260 _c2025
365 _a
365 _b160
856 _uhttp://www.taylorfrancis.com/books/9788743801801
942 _cEBOOK
999 _c1728845
_d1728845